Synopsis of Isha Upanishad/ (Record no. 188939)

MARC details
000 -LEADER
fixed length control field 00607nam a2200181 4500
005 - DATE AND TIME OF LATEST TRANSACTION
control field 20220608105223.0
010 ## - LCCN (DPL NO)
LC control number ENG-133113
020 ## - INTERNATIONAL STANDARD BOOK NUMBER
International Standard Book Number 9788184621693
Terms of availability 240.00
035 ## - SYSTEM CONTROL NUMBER
System control number EN-116645
037 ## - SOURCE OF ACQUISITION
Source of stock number/acquisition DBAD/PUB
082 ## - DEWEY DECIMAL CLASSIFICATION NUMBER
Classification number 294.1
100 ## - MAIN ENTRY--PERSONAL NAME
Personal name Mehta, Jayant B.
245 ## - TITLE STATEMENT
Title Synopsis of Isha Upanishad/
Statement of responsibility, etc Jayant B. Mehta
260 ## - PUBLICATION, DISTRIBUTION, ETC. (IMPRINT)
Place of publication, distribution, etc Mumbai
Name of publisher, distributor, etc Vakils, Feffer and Simons Pvt.Ltd.
Date of publication, distribution, etc 2018
270 ## - ADDRESS
Address Industry Manor, 2nd Floor, A. Marathe Marg, Prabhadevi
City Mumbai
Postal code 400025
Telephone number 0091-22-24306780
Electronic mail address info@vakilspublications.com
300 ## - PHYSICAL DESCRIPTION
Extent 75p.
Dimensions 22cm(pbk)
942 ## - ADDED ENTRY ELEMENTS (KOHA)
Source of classification or shelving scheme Dewey Decimal Classification
Item type English Books
Classification part 294.1
Call number suffix MEH
Holdings
Withdrawn status Lost status Not for loan Collection code Home library Current library Date acquired Source of acquisition Cost, normal purchase price Full call number Barcode Copy number Cost, replacement price Koha item type
      Non-fiction Ashok Vihar Ashok Vihar 08/06/2022 DBAD/PUB 240.00 294.1 MEH EN-116645 1 240.00 English Books

© Delhi Public Library
Hit Counter
free hit counter